000
00257nam a2200109Ia 4500
008
190912s9999||||xx |||||||||||||| ||und||
100
_a
Horngern, Foster
245
0
_a
Cost Accounting
260
_a
New Delhi
_b
McGraw-Hill
_c
1997
300
_a
1012
942
_c
BK
999
_c
7795
_d
7795